=LDR 00000nam 2200000 4500 =001 INLIS000000000047710 =005 20160212103553.0 =006 =007 =008 =020 ##$$a 979-26-6907-8 =035 ##$$0010-021600000000098 =040 ##$$a NPBDMAT =082 ##$$a R. 912 598 =090 ##$$a R. 912 598 $b Mat a =100 ##$$a Matindas. R.W =245 ##$$a Atlas Indonesia Dari Angkasa / Nama Sumber In. R.W Matindas, M.Sc, Prof. Dr. Anis Poniman, Editor Achyanudin SE MBA =260 ##$$a Jakarta : $b Bakosurtanah, $c 2006 =300 ##$$a 260 hlm : $b ilus; $c 25 cm =650 ##$$a Indonesia - Atlas =700 ##$$a Aris Poniman, Achyarudin